| 000 | 00447nam a2200181Ia 4500 | ||
|---|---|---|---|
| 001 | 20748 | ||
| 005 | 20260306172828.0 | ||
| 008 | 260306t2013||||xx |||||||||||||| ||spa|| | ||
| 041 | _aESP | ||
| 082 |
_a343.8 _bA47D |
||
| 100 |
_aAlva Matteucci, Mario _eAUT |
||
| 245 | 0 |
_aAplicación práctica del impuesto a la renta: _bejercicio 2012-2013 |
|
| 260 | _c2013 | ||
| 300 |
_a _c |
||
| 650 | _aGEN | ||
| 654 | _aCDE | ||
| 942 |
_cLIB _dJUS _fJUS _2ddc _n |
||
| 999 |
_c20748 _d20748 |
||